[Event "London Classic FIDE Open"]
[Site "London ENG"]
[Date "2011.12.11"]
[Round "9"]
[White "Josse, Mark"]
[Black "Jones, Steven A"]
[Result "0-1"]
[WhiteElo "2162"]
[BlackElo "1878"]
[WhiteFideId "414476"]
[BlackFideId "419630"]
[EventDate "2011.12.03"]

1. e4 c5 2. Nf3 Nc6 3. c3 d5 4. exd5 Qxd5 5. d4 cxd4 6. cxd4 e5 7. Nc3 Bb4 8.
Bd2 Bxc3 9. Bxc3 e4 10. Ne5 Nxe5 11. dxe5 Ne7 12. Qa4+ Bd7 13. Qa3 Bc6 14. Rd1
Qe6 15. Rd6 Qg4 16. h3 Qg5 17. h4 Qg4 18. Rh3 O-O 19. e6 f6 20. Rg3 Qxh4 21. Bc4
Qh1+ 22. Ke2 Qh5+ 23. Ke1 Kh8 24. Rh3 Qg4 25. Qc5 Rac8 26. Rxc6 Nxc6 27. e7 Rfe8
28. Rg3 Nxe7 29. Qxa7 Qd7 30. Bb3 Red8 31. Ba4 Nc6 32. Qe3 b5 33. Bb3 b4 34. Bd2
Nd4 35. Bxb4 Nf5 0-1

[Event "London Classic FIDE Open"]
[Site "London ENG"]
[Date "2011.12.11"]
[Round "9"]
[White "Calder, Dennis"]
[Black "Williamson, Roger G"]
[Result "1/2-1/2"]
[WhiteElo "1953"]
[BlackElo "2157"]
[WhiteFideId "4697359"]
[BlackFideId "414620"]
[EventDate "2011.12.03"]

1. d4 d5 2. Nf3 Nf6 3. c4 c6 4. Nc3 a6 5. cxd5 cxd5 6. Bf4 Nc6 7. Rc1 Bf5 8. e3
e6 9. h3 Bd6 10. Bxd6 Qxd6 11. Bd3 Bg6 12. O-O O-O 13. a3 Rac8 14. Na4 Rc7 15.
Qe2 Rfc8 16. Bxg6 hxg6 17. Nc5 b6 18. Nd3 Ne4 19. Rc2 Na5 20. Rfc1 Nc4 21. b3
Na5 22. Rxc7 Rxc7 23. Rxc7 Qxc7 24. Qb2 Qc3 25. Qxc3 1/2-1/2

[Event "London Classic FIDE Open"]
[Site "London ENG"]
[Date "2011.12.11"]
[Round "9"]
[White "Fransson, Angelina"]
[Black "Nandhidhaa, PV"]
[Result "0-1"]
[WhiteElo "1940"]
[BlackElo "2139"]
[WhiteFideId "1712632"]
[BlackFideId "5050847"]
[EventDate "2011.12.03"]

1. e4 c5 2. d3 d6 3. f4 g6 4. Nf3 Bg7 5. Be2 e6 6. O-O Ne7 7. c3 O-O 8. Be3 Nbc6
9. d4 cxd4 10. cxd4 f5 11. e5 Nd5 12. Bc1 g5 13. Nxg5 Qb6 14. Bc4 Nxd4 15. Bxd5
exd5 16. Be3 dxe5 17. fxe5 Bxe5 18. Nc3 f4 19. Nxd5 Qc5 20. Qh5 Bf5 21. Nxf4 Qe7
22. Kh1 Nc2 23. Nd5 Qd7 24. Rad1 Bg4 25. Qxh7+ Qxh7 26. Nxh7 Kxh7 27. Rc1 Nxe3
28. Nxe3 Bd7 29. Nc4 Bg7 30. Rfd1 Bc6 31. Na5 Be4 32. Rc4 Rae8 33. Kg1 b6 34.
Nb3 Ba8 35. Rc2 Bh6 36. h3 Be3+ 37. Kh2 Rf7 38. h4 Bf2 39. Kh3 Re3+ 40. Kh2 Bg3+
41. Kg1 Rfe7 42. Rf1 Re1 43. Nd2 R1e2 0-1

[Event "London Classic FIDE Open"]
[Site "London ENG"]
[Date "2011.12.11"]
[Round "9"]
[White "Doran, Chris"]
[Black "Farrand, Tom"]
[Result "0-1"]
[WhiteElo "2011"]
[BlackElo "2265"]
[WhiteFideId "503835"]
[BlackFideId "406457"]
[EventDate "2011.12.03"]

1. e4 c5 2. Nf3 Nc6 3. d4 cxd4 4. Nxd4 Nf6 5. Nc3 e5 6. Ndb5 d6 7. Bg5 a6 8. Na3
b5 9. Bxf6 gxf6 10. Nd5 f5 11. c3 Bg7 12. exf5 Bxf5 13. Nc2 O-O 14. Nce3 Be6 15.
Bd3 f5 16. O-O Ra7 17. a4 Ne7 18. Nxe7+ Rxe7 19. axb5 axb5 20. Bxb5 d5 21. Ra6
Kh8 22. Rxe6 Rxe6 23. Qxd5 Rd6 24. Qb3 f4 25. Nc2 e4 26. Re1 e3 27. f3 Qh4 28.
Rf1 Rh6 29. h3 Qg3 30. Bd7 Rd6 31. Qb5 e2 32. Re1 Rd1 33. Qxe2 Rxd7 34. Nd4
Bxd4+ 35. cxd4 Qg7 0-1

[Event "London Classic FIDE Open"]
[Site "London ENG"]
[Date "2011.12.11"]
[Round "9"]
[White "Lee, Kai Jie Edward"]
[Black "Eames, Robert S"]
[Result "0-1"]
[BlackTitle "FM"]
[WhiteElo "2003"]
[BlackElo "2241"]
[WhiteFideId "5802920"]
[BlackFideId "408743"]
[EventDate "2011.12.03"]

1. e4 c5 2. Nf3 d6 3. d4 cxd4 4. Nxd4 Nf6 5. f3 e5 6. Nb3 Be7 7. c4 a5 8. Be3 a4
9. N3d2 Qa5 10. Na3 O-O 11. Bd3 Nc6 12. O-O Nb4 13. Ndb1 Bd7 14. Nc3 Bd8 15. c5
dxc5 16. Nc4 Qc7 17. f4 Bg4 18. Be2 Bxe2 19. Qxe2 exf4 20. Bxf4 Qc6 21. a3 Na6
22. Ne5 Qe6 23. Rae1 Bc7 24. Nc4 Bxf4 25. Rxf4 Nc7 26. Qf2 b5 27. Nd6 b4 28.
axb4 cxb4 29. Ncb5 Nxb5 30. Nxb5 Ng4 31. Qd4 Rfd8 32. Qc5 Rac8 33. Qh5 Qb6+ 34.
Kf1 Nxh2+ 35. Qxh2 Qxb5+ 36. Kg1 a3 37. bxa3 bxa3 38. Rg4 g6 39. Qh6 Qc5+ 40.
Kh1 Qf2 41. Ra1 Qb2 42. Rf1 a2 43. Rh4 Qg7 44. Qxg7+ Kxg7 45. Rhf4 Ra8 46. Ra1
Rd2 47. Kg1 Rb8 48. Rff1 Rbb2 49. Rfe1 Rxg2+ 50. Kh1 h5 51. e5 h4 52. Re3 Rh2+
53. Kg1 h3 54. Rg3 Rhg2+ 55. Kh1 Rb1+ 0-1

[Event "London Classic FIDE Open"]
[Site "London ENG"]
[Date "2011.12.11"]
[Round "9"]
[White "Gavriel, Tryfon C"]
[Black "Shweta, Gole"]
[Result "0-1"]
[WhiteTitle "CM"]
[WhiteElo "2156"]
[BlackElo "1999"]
[WhiteFideId "403105"]
[BlackFideId "5068487"]
[EventDate "2011.12.03"]

1. c4 c5 2. Nc3 Nc6 3. g3 g6 4. Bg2 Bg7 5. e3 e5 6. Nge2 Nge7 7. a3 O-O 8. Rb1
a5 9. b3 d6 10. Bb2 f5 11. f4 Rb8 12. O-O Be6 13. Nd5 b5 14. Nec3 bxc4 15. bxc4
Bf7 16. Qa4 e4 17. Nxe7+ Nxe7 18. Nb5 Bxb2 19. Rxb2 d5 20. cxd5 Nxd5 21. Rc1 Nb6
22. Qxa5 Nc4 23. Qc3 Nxb2 24. Qxb2 Qa5 25. Rxc5 Rfd8 26. Bf1 Qxd2 27. Qxd2 Rxd2
28. Nc3 Rdd8 29. Ba6 Rb2 30. a4 Rc2 31. Bf1 Rd1 32. a5 Rdc1 33. a6 Ra1 34. a7
Rxa7 35. Nxe4 Rxc5 36. Nxc5 Ra1 37. Kf2 Ra2+ 38. Kg1 Rc2 39. Nd3 Kf8 40. Ne5 Be6
41. h4 Kg7 42. Bd3 Rd2 43. Kf1 Bd5 44. Be2 Rb2 45. Kf2 Be4 46. Ke1 Rb1+ 47. Kf2
Kf6 48. Nd7+ Ke7 49. Ne5 Kf6 50. Nd7+ Kg7 51. Ne5 Rb3 52. Nd7 Bc6 53. Ne5 Bb5
54. Bxb5 Rxb5 55. Kf3 Rb1 56. Nd3 Kf6 57. Ne5 Ke6 58. Nd3 Kd5 59. Nf2 h5 60. Nd3
Rb6 61. Ne5 Ra6 62. Nd3 Kc4 63. Ne5+ Kc3 64. e4 Kd4 65. exf5 gxf5 66. Nf7 Ra3+
67. Kf2 Ra6 68. Kf3 Rb6 69. Kf2 Ke4 70. Ng5+ Kd3 71. Nf7 Ra6 72. Kf3 Kd2 73. Kf2
Rb6 74. Ne5 Re6 75. Kf3 Ke1 76. Nc4 Rc6 77. Ne5 Rc3+ 78. Kg2 Rc2+ 79. Kf3 Kf1
80. Nd3 Rc3 81. Ke3 Kg2 0-1

[Event "London Classic FIDE Open"]
[Site "London ENG"]
[Date "2011.12.11"]
[Round "9"]
[White "Casaschi, Paolo"]
[Black "Quinn, John M"]
[Result "0-1"]
[WhiteElo "1996"]
[BlackElo "2151"]
[WhiteFideId "824895"]
[BlackFideId "405043"]
[EventDate "2011.12.03"]

1. d4 Nf6 2. c4 g6 3. Nc3 Bg7 4. Nf3 d6 5. Bg5 O-O 6. Qd2 c5 7. d5 b5 8. cxb5 a6
9. e3 Qa5 10. bxa6 Bxa6 11. Bxa6 Qxa6 12. Qe2 h6 13. Bxf6 Bxf6 14. Qxa6 Nxa6 15.
Kd2 Rfb8 16. Rhb1 Nc7 17. e4 Nb5 18. Nd1 Ra4 19. Ke3 Nd4 20. Nxd4 Bxd4+ 21. Kd3
f5 22. exf5 gxf5 23. Nc3 Rab4 24. Nd1 Kf7 25. Rc1 Bxb2 26. Nxb2 Rxb2 27. Rc2
R2b4 28. Rc4 Rxc4 29. Kxc4 Rb4+ 30. Kc3 Ra4 31. Kb3 Rb4+ 32. Kc3 e6 33. dxe6+
Kxe6 34. Re1+ Kd5 35. Re2 Ra4 36. Kb3 Ra6 37. Kc3 Ra4 38. Kb3 Ra6 39. Kc3 c4 40.
Kb4 Rb6+ 41. Kc3 Kc5 42. Re6 Ra6 43. Rf6 Rxa2 44. Rxf5+ d5 45. h4 Ra3+ 46. Kc2
Kd4 47. Rf4+ Ke5 48. Rf8 d4 49. Re8+ Kf4 50. Rd8 Ra2+ 51. Kd1 Ke4 52. Rf8 c3 53.
Kc1 Kd3 54. Rf3+ Ke2 55. Kb1 Rd2 56. Kc1 d3 57. Re3+ Kxf2 58. Re6 Re2 59. Rf6+
Ke1 0-1

[Event "London Classic FIDE Open"]
[Site "London ENG"]
[Date "2011.12.11"]
[Round "9"]
[White "Jaunooby, Ali R"]
[Black "Hjort, Helge"]
[Result "1-0"]
[WhiteElo "2144"]
[BlackElo "1969"]
[WhiteFideId "413291"]
[BlackFideId "1436678"]
[EventDate "2011.12.03"]

1. d4 Nf6 2. c4 e6 3. Nc3 Bb4 4. Bg5 c5 5. d5 h6 6. Bd2 exd5 7. cxd5 d6 8. a3
Ba5 9. b4 cxb4 10. axb4 Bb6 11. e3 O-O 12. Bd3 Nbd7 13. f4 Re8 14. Qf3 Qe7 15.
Kf1 Nf8 16. Re1 a5 17. Na4 Ba7 18. bxa5 Bg4 19. Qg3 Qd7 20. Nc3 Qc8 21. h3 Bf5
22. e4 Bh7 23. f5 Bd4 24. Nb5 Be5 25. Qh4 N8d7 26. Nf3 Nc5 27. Rc1 Qd7 28. Rxc5
dxc5 29. Nxe5 Rxe5 30. Bc3 Rxe4 31. Bxe4 Qxb5+ 32. Kf2 Nxe4+ 33. Qxe4 Re8 34.
Qg4 g5 35. fxg6 Bxg6 36. Rd1 Re4 37. Qf3 Qc4 38. Kg1 Rf4 39. Re1 f6 40. Qg3 Kf7
41. d6 Re4 42. Rf1 Re6 43. d7 Qd5 44. Qc7 1-0

[Event "London Classic FIDE Open"]
[Site "London ENG"]
[Date "2011.12.11"]
[Round "9"]
[White "Tavoularis, Nicholas"]
[Black "White, David J"]
[Result "1-0"]
[WhiteElo "2143"]
[BlackElo "1958"]
[WhiteFideId "4205596"]
[BlackFideId "402931"]
[EventDate "2011.12.03"]

1. e4 c5 2. a3 Nc6 3. b4 cxb4 4. axb4 e6 5. b5 Nce7 6. Ba3 d5 7. e5 Ng6 8. Bxf8
Nxf8 9. Qg4 Ng6 10. h4 b6 11. h5 Nxe5 12. Qxg7 Qf6 13. h6 Ng6 14. Nf3 Bb7 15. d4
Qf4 16. Nbd2 N8e7 17. g3 Qc7 18. Bd3 Nf5 19. Bxf5 exf5 20. Ne5 O-O-O 21. Qxf7
Nxe5 22. Qxc7+ Kxc7 23. dxe5 Rde8 24. f4 Rhg8 25. Kf2 Kb8 26. Nb3 Rc8 27. Nd4
Rc4 28. Rad1 Bc8 29. Rd2 Rg6 30. Rh5 Rc3 31. Rd3 Rc5 32. Re3 Be6 33. Rh4 Rc4 34.
c3 Ra4 35. g4 fxg4 36. Kg3 Bc8 37. f5 Rg8 38. Rxg4 Rxg4+ 39. Kxg4 Kc7 40. Kg5
Ra1 41. Kf6 Rg1 42. Kf7 Rg5 43. Ne6+ Bxe6+ 44. Kxe6 Kd8 45. Kf6 Rh5 46. e6 Ke8
47. Ke5 Rxh6 48. f6 Rg6 49. Rf3 Rg1 50. Kd6 Re1 51. f7+ Kf8 52. Rg3 1-0

[Event "London Classic FIDE Open"]
[Site "London ENG"]
[Date "2011.12.11"]
[Round "9"]
[White "Sagues, Vincent"]
[Black "Torner Planell, Josep Ramon"]
[Result "0-1"]
[WhiteElo "1952"]
[BlackElo "2123"]
[WhiteFideId "625680"]
[BlackFideId "2219174"]
[EventDate "2011.12.03"]

1. e4 e5 2. Nf3 Nc6 3. Bb5 a6 4. Ba4 Nge7 5. O-O g6 6. c3 Bg7 7. d4 exd4 8. cxd4
b5 9. Bb3 O-O 10. a4 Bb7 11. Re1 d6 12. Bf4 Na5 13. Bc2 Qd7 14. Nbd2 c5 15. Nb3
Nxb3 16. Bxb3 c4 17. Bc2 Nc6 18. axb5 axb5 19. Rxa8 Bxa8 20. Qd2 Re8 21. d5 Ne5
22. Nxe5 dxe5 23. Be3 f5 24. f3 f4 25. Bf2 Bf8 26. Ra1 Bd6 27. Ra7 Bb7 28. Qa5
Bb8 29. Be1 Bxa7+ 30. Qxa7 Ra8 31. Qc5 Rc8 32. Qb6 Ra8 33. Ba5 Bc8 34. b4 Qa7
35. Qxa7 Rxa7 36. g3 fxg3 37. hxg3 g5 38. Kf2 Rf7 39. Ke3 Kg7 40. Bb6 Kg6 41.
Bc5 Rf6 42. g4 Ra6 43. Bd1 Ra3+ 44. Kd2 Ra2+ 45. Kc3 Kf6 46. Bd6 Bd7 47. Bc7 Ra8
48. Bd6 Be8 49. Bc7 h6 50. Kd2 Bg6 51. Ke3 h5 52. gxh5 Bxh5 53. Ba5 Ke7 54. Kd2
Kd7 55. Ke3 Rf8 56. Bb6 Rf7 57. Ba5 Rf6 58. Be2 Rg6 59. Bd1 Rf6 60. Be2 Rf4 61.
Bb6 Bg6 62. Ba7 Rf8 63. Bb6 Rh8 64. Ba7 Ra8 65. Bc5 Ra3+ 66. Kd2 Bh5 67. Be3 Rb3
68. Bxg5 Bxf3 69. Bxf3 Rxf3 70. Be3 Rh3 71. Ke2 Ke7 72. Bc5+ Kf6 73. Kd2 Kg5 74.
Be7+ Kf4 75. d6 Rd3+ 76. Ke2 Kxe4 77. Bf8 Kf5 78. Be7 Ke6 79. Ke1 Rxd6 80. Bg5
Rd3 81. Ke2 Rb3 82. Bd2 Kd5 83. Be1 Ke4 84. Bf2 Rxb4 85. Be1 Rb2+ 86. Kd1 Kd3
87. Bd2 Rxd2+ 0-1

[Event "London Classic FIDE Open"]
[Site "London ENG"]
[Date "2011.12.11"]
[Round "9"]
[White "Reppen, Ellisiv"]
[Black "Skutta, Bernd"]
[Result "1-0"]
[WhiteElo "1949"]
[BlackElo "2098"]
[WhiteFideId "1504959"]
[BlackFideId "4666950"]
[EventDate "2011.12.03"]

1. e4 d6 2. d4 Nf6 3. Nc3 g6 4. Nf3 Bg7 5. h3 c6 6. Bd3 Nbd7 7. O-O e5 8. dxe5
dxe5 9. Be3 O-O 10. Qd2 Qe7 11. Bh6 Nc5 12. Bxg7 Kxg7 13. Qg5 Re8 14. Rad1 h6
15. Qe3 Nh5 16. Ne2 g5 17. Ng3 Nf4 18. Nh2 f6 19. Be2 Nxe2+ 20. Qxe2 Qf7 21. Rd6
Ne6 22. Nf5+ Kg6 23. Ng4 h5 24. Nge3 Nf4 25. Qf3 Be6 26. g3 Nxh3+ 27. Kg2 g4 28.
Nxg4 Ng5 29. Qd1 Nxe4 30. Ngh6 Qf8 31. Rh1 Nxd6 32. Qxh5+ Kh7 33. Ng4+ 1-0

[Event "London Classic FIDE Open"]
[Site "London ENG"]
[Date "2011.12.11"]
[Round "9"]
[White "Whitehead, David J"]
[Black "Andreev, Peter"]
[Result "1/2-1/2"]
[WhiteElo "2079"]
[BlackElo "1914"]
[WhiteFideId "406813"]
[BlackFideId "406350"]
[EventDate "2011.12.03"]

1. e4 c5 2. Nf3 Nc6 3. d4 cxd4 4. Nxd4 Nf6 5. Nc3 e5 6. Ndb5 d6 7. Bg5 a6 8. Na3
b5 9. Bxf6 gxf6 10. Nd5 Bg7 11. Bd3 Ne7 12. Nxe7 Qxe7 13. c4 bxc4 14. Nxc4 O-O
15. O-O f5 16. Qh5 f4 17. Nb6 Rb8 18. Nd5 Qb7 19. Rac1 Be6 20. Rc7 Qxb2 21. Ne7+
Kh8 22. Nf5 Rg8 23. Ne7 Rge8 24. Nf5 Rg8 25. Ne7 Rge8 26. Nf5 1/2-1/2

[Event "London Classic FIDE Open"]
[Site "London ENG"]
[Date "2011.12.11"]
[Round "9"]
[White "Warman, Simon M"]
[Black "Marchant, Geoffrey"]
[Result "1-0"]
[WhiteElo "2056"]
[BlackElo "1880"]
[WhiteFideId "408867"]
[BlackFideId "470759"]
[EventDate "2011.12.03"]

1. e4 e5 2. Nf3 Nc6 3. Bb5 a6 4. Ba4 Nf6 5. O-O Be7 6. Nc3 d6 7. d4 b5 8. dxe5
bxa4 9. exf6 Bxf6 10. Nd5 O-O 11. c3 Bg4 12. Qxa4 Bxf3 13. Qxc6 Be5 14. gxf3 Qh4
15. Re1 Bxh2+ 16. Kg2 f5 17. Rh1 fxe4 18. Rxh2 exf3+ 19. Kh1 Qg4 20. Bh6 Rae8
21. Ne3 Qe6 22. Rg1 Rf7 23. Bxg7 Rxg7 24. Rxg7+ Kxg7 25. Qxf3 Kh8 26. Rh4 Rg8
27. Qf4 Qxa2 28. Qf6+ Rg7 29. Rg4 Qf7 30. Qd8+ Rg8 31. Rxg8+ Qxg8 32. Qxc7 Qf8
33. Kg2 Qf4 34. Qd8+ Kg7 35. Qxd6 Qxd6 36. Nf5+ 1-0

[Event "London Classic FIDE Open"]
[Site "London ENG"]
[Date "2011.12.11"]
[Round "9"]
[White "Fields, Francis E"]
[Black "Cannon, Raymond C"]
[Result "1-0"]
[WhiteElo "1897"]
[BlackElo "2024"]
[WhiteFideId "409367"]
[BlackFideId "408018"]
[EventDate "2011.12.03"]

1. Nf3 g6 2. d4 Bg7 3. c4 d6 4. Nc3 Bg4 5. d5 Nf6 6. e4 O-O 7. Be2 e6 8. dxe6
Bxe6 9. O-O Nc6 10. Bg5 h6 11. Bh4 g5 12. Bg3 Nh5 13. Nd5 Nxg3 14. hxg3 g4 15.
Nh4 h5 16. Nf4 Qg5 17. Rb1 Rae8 18. Nxe6 fxe6 19. b4 Nd4 20. Bd3 Be5 21. Qc1
Qxc1 22. Rbxc1 Kg7 23. c5 Rc8 24. Rfd1 b6 25. Ba6 b5 26. Rd2 Rce8 27. Rcd1 Rd8
28. Rc1 dxc5 29. Rxc5 Nc6 30. Rxd8 Rxd8 31. Rxc6 Rd1+ 32. Kh2 Bd4 33. Rxc7+ Kf6
34. Rd7 Ke5 35. Ng6+ Kxe4 36. Bb7+ Kf5 37. Nf4 e5 38. Ne2 Rd2 39. Nxd4+ exd4 40.
Bd5 Ke5 41. Bb3 Rxf2 42. Kg1 Rb2 43. Re7+ Kf5 44. Kf1 d3 45. Re3 Rb1+ 46. Kf2
Rb2+ 47. Ke1 Rxg2 48. Rxd3 Ke4 49. Bd5+ Kxd3 50. Bxg2 Kc3 51. Ke2 Kxb4 52. Bd5
Kc3 53. Ke3 a5 54. Kf4 a4 55. Kg5 Kd4 56. Bf7 Ke3 57. Bxh5 Kf3 58. Bxg4+ Kxg3
59. Bd7 Kf3 60. Bxb5 a3 61. Kf5 Ke3 62. Ke5 Kd2 63. Kd4 Kc2 64. Bc4 Kb2 65. Bb3
Ka1 66. Kc4 Kb1 67. Kb4 Kb2 68. Bd5 1-0

[Event "London Classic FIDE Open"]
[Site "London ENG"]
[Date "2011.12.11"]
[Round "9"]
[White "Johansen, Stian"]
[Black "Forsa, Elise"]
[Result "0-1"]
[WhiteElo "2012"]
[BlackElo "1728"]
[WhiteFideId "1508121"]
[BlackFideId "1500163"]
[EventDate "2011.12.03"]

1. d4 Nf6 2. c4 d6 3. Nc3 Nbd7 4. e4 e5 5. d5 a5 6. Bd3 g6 7. h3 Bg7 8. Be3 Nc5
9. Bc2 O-O 10. b3 Bd7 11. a3 c6 12. Rb1 Qe7 13. b4 axb4 14. axb4 Na6 15. Nf3
Rab8 16. Qe2 Nh5 17. c5 dxc5 18. dxc6 Bc8 19. b5 Nb4 20. Nd5 Nxd5 21. exd5 Qd6
22. Qc4 b6 23. Nd2 f5 24. Qb3 Nf6 25. Nc4 Qxd5 26. c7 Rb7 27. Rd1 Qxg2 28. Nd6+
Kh8 29. Nf7+ Kg8 30. Nxe5+ Kh8 31. Ke2 Rxc7 32. Nf3 Bb7 33. Nh4 Qxh1 34. Rxh1
Bxh1 35. f3 Re8 36. Kf1 Rce7 37. Bf2 Re2 38. Kg1 Rd8 39. Bd3 Rd2 40. Bf1 Rd1 41.
Qc4 g5 42. Kxh1 gxh4 43. Kg2 Rg8 44. Bxh4 Rd4 45. Qe6 Rxh4 46. Qxb6 Nd5 47. Qc6
Bd4+ 48. Kh2 Ne3 0-1

[Event "London Classic FIDE Open"]
[Site "London ENG"]
[Date "2011.12.11"]
[Round "9"]
[White "Phillips, Owen S"]
[Black "Yeo, Michael J"]
[Result "1/2-1/2"]
[WhiteElo "1959"]
[BlackElo "2152"]
[WhiteFideId "417882"]
[BlackFideId "402257"]
[EventDate "2011.12.03"]

1. e4 e5 2. Nc3 Nf6 3. g3 Bc5 4. Bg2 O-O 5. h3 c6 6. d3 d5 7. Nge2 dxe4 8. dxe4
Qb6 9. O-O Rd8 10. Qe1 Qa6 11. Kh2 Nbd7 12. a3 b5 13. Bg5 Be7 14. Be3 Qb7 15. b4
a5 16. bxa5 Qc7 17. Bd2 Qd6 18. Na2 c5 19. Be3 Bb7 20. f3 Qe6 21. Nac1 Bd6 22.
Rb1 Bc6 23. g4 Nf8 24. Nd3 Qe7 25. Qf2 N6d7 26. Ng3 g6 27. Ne2 Ne6 28. f4 Nd4
29. Nxd4 exd4 30. e5 Bxg2 31. Kxg2 Bc7 32. Bd2 Bxa5 33. Rxb5 Bxd2 34. Qxd2 Rxa3
35. f5 gxf5 36. Rxf5 Kh8 37. Qf2 Rf8 38. Rb7 Qe6 39. Kh2 Qc6 40. Nxc5 Nxc5 41.
Rfxf7 Rxf7 42. Rxf7 Qg6 43. Rf8+ Kg7 44. Rf6 Qe8 45. Qxd4 Nd7 46. Rf5 Qe6 47.
Rg5+ Kh8 48. c4 Ra5 49. Rf5 Rxe5 50. c5 Kg8 51. Rxe5 Nxe5 52. Qd8+ Kf7 53. Qc7+
Qe7 54. Qxe7+ Kxe7 55. Kg3 Nd3 56. Kh4 Nxc5 57. Kh5 Kf7 58. Kh6 Kg8 59. g5 Ne6
60. g6 hxg6 61. Kxg6 1/2-1/2

[Event "London Classic FIDE Open"]
[Site "London ENG"]
[Date "2011.12.11"]
[Round "9"]
[White "Duncan, Patrick C M"]
[Black "Tart, Peter K"]
[Result "1/2-1/2"]
[WhiteElo "2125"]
[BlackElo "1944"]
[WhiteFideId "405787"]
[BlackFideId "471070"]
[EventDate "2011.12.03"]

1. Nf3 g6 2. c4 Bg7 3. g3 c5 4. Nc3 Nc6 5. Bg2 b6 6. O-O Bb7 7. e4 e5 8. d3 d6
9. Nd5 h6 10. a3 Nge7 11. Bd2 O-O 12. b4 Nxd5 13. cxd5 Ne7 14. a4 f5 15. bxc5
bxc5 16. Bc3 Kh7 17. Qc2 Ba6 18. Rfe1 Qd7 19. Bh3 g5 20. Bg2 Ng6 21. Nd2 f4 22.
h3 h5 23. Nc4 Bxc4 24. dxc4 g4 25. h4 f3 26. Bf1 Nxh4 27. gxh4 g3 28. fxg3 f2+
29. Kg2 fxe1=N+ 30. Bxe1 Rf6 31. Be2 Qf7 32. Qd1 Qg6 33. Bf3 Bh6 34. Ra3 Rg8 35.
Qe2 Rf4 36. Kh3 Rf6 37. Bxh5 Qg7 38. Bg4 Rgf8 39. Bf5+ Kh8 40. Rb3 Qf7 41. g4
Qg7 42. g5 Bxg5 43. hxg5 Qxg5 44. Kh2 Rh6+ 45. Rh3 Rxh3+ 46. Bxh3 Rg8 47. Qf2
Kg7 48. Qg2 Qxg2+ 49. Kxg2 Rb8 50. Bd7 Rb3 51. Kf2 Kf7 52. Bb5 Ra3 53. a5 Ke7
54. Ke2 Kd8 55. Bd2 Kc7 56. a6 Kc8 57. Kd1 Kc7 1/2-1/2

[Event "London Classic FIDE Open"]
[Site "London ENG"]
[Date "2011.12.11"]
[Round "9"]
[White "Schwartz, Julius"]
[Black "Vlcek, Marek"]
[Result "1-0"]
[WhiteElo "2065"]
[BlackElo "1935"]
[WhiteFideId "2402831"]
[BlackFideId "327611"]
[EventDate "2011.12.03"]

1. e4 e5 2. Nf3 Nc6 3. Bb5 a6 4. Ba4 Bc5 5. O-O b5 6. Bb3 d6 7. c3 Bg4 8. Bd5
Qd7 9. Bxc6 Qxc6 10. Nxe5 dxe5 11. Qxg4 Nf6 12. Qf5 Qxe4 13. Qxe4 Nxe4 14. d4
exd4 15. Re1 f5 16. f3 dxc3+ 17. Kh1 Bf2 18. Rf1 Bd4 19. bxc3 Nxc3 20. Bb2 Nxb1
21. Bxd4 Nd2 22. Rfe1+ Kf7 23. Re5 Nc4 24. Rxf5+ Kg6 25. Rf4 h5 26. g4 Rhf8 27.
gxh5+ Kxh5 28. Rg4 g5 29. Rag1 Rf5 30. f4 Rg8 31. h4 Rxf4 32. Rxf4 gxf4 33. Rxg8
Kxh4 34. Kg2 Nd2 35. Be5 f3+ 36. Kf2 c5 37. Bf4 Ne4+ 38. Kxf3 1-0

[Event "London Classic FIDE Open"]
[Site "London ENG"]
[Date "2011.12.11"]
[Round "9"]
[White "Shepley, Julien M"]
[Black "Srija, Seshadri"]
[Result "1-0"]
[BlackTitle "WFM"]
[WhiteElo "2043"]
[BlackElo "1926"]
[WhiteFideId "403210"]
[BlackFideId "5055903"]
[EventDate "2011.12.03"]

1. e4 e5 2. Nc3 Nc6 3. Bc4 Nf6 4. d3 Bc5 5. Nf3 d6 6. h3 Be6 7. Nd5 h6 8. c3
Bxd5 9. exd5 Ne7 10. b4 Bb6 11. a4 a5 12. Qb3 O-O 13. Be3 c6 14. dxc6 bxc6 15.
Bxb6 Qxb6 16. bxa5 Qxa5 17. Qb4 Qc7 18. O-O d5 19. Bb3 c5 20. Qa3 Ng6 21. Rfe1
Rfe8 22. Qa2 Rad8 23. a5 Nf4 24. d4 Ne4 25. dxe5 Nd3 26. Re3 Nexf2 27. Bxd5 Rb8
28. a6 Rb2 29. Qxb2 Nxb2 30. a7 Nfd1 31. a8=Q Rxa8 32. Rxa8+ Kh7 33. Be4+ g6 34.
Re2 Nxc3 35. Bxg6+ Kxg6 36. Rxb2 c4 37. Rg8+ Kf5 38. Rg4 h5 39. Rg5+ Ke4 40.
Rxh5 Kd3 41. Rd2+ Ke3 42. Rh4 Ne2+ 43. Kh2 c3 44. Rc2 Qd7 45. Ra2 Qd1 46. Rc4
Qb3 47. Rxe2+ Kd3 48. Rce4 c2 49. R2e3# 1-0

[Event "London Classic FIDE Open"]
[Site "London ENG"]
[Date "2011.12.11"]
[Round "9"]
[White "Bala kannamma.P"]
[Black "Lenier, Jude A"]
[Result "1/2-1/2"]
[WhiteElo "1927"]
[BlackElo "2030"]
[WhiteFideId "5081432"]
[BlackFideId "470678"]
[EventDate "2011.12.03"]

1. e4 e5 2. Nf3 Nc6 3. d4 exd4 4. Bc4 Bc5 5. c3 Nf6 6. e5 d5 7. exf6 dxc4 8.
fxg7 Rg8 9. O-O Rxg7 10. cxd4 Nxd4 11. Nxd4 Bxd4 12. Qa4+ c6 13. Qxc4 Be6 14.
Qe2 Qd5 15. g3 O-O-O 16. Nc3 Bxc3 17. bxc3 Bg4 18. f3 Bh3 19. Re1 Rg6 20. Be3
Rdg8 21. Bxa7 h5 22. Qe5 Qxe5 23. Rxe5 f5 24. Rd1 h4 25. Bf2 f4 26. g4 Rxg4+ 27.
fxg4 Rxg4+ 28. Bg3 fxg3 29. hxg3 Rxg3+ 30. Kh2 Bg4 31. Rd4 Rh3+ 32. Kg2 Rg3+ 33.
Kf2 Rf3+ 34. Ke1 Rg3 35. Re8+ Kc7 36. Re7+ Kb6 37. Ree4 h3 38. Rxg4 h2 39. Rxg3
h1=Q+ 40. Kf2 Qh2+ 41. Rg2 Qe5 42. Rgg4 Qf5+ 43. Ke3 Qc2 44. Rb4+ Kc7 45. Rg7+
Kd6 46. Rd4+ Kc5 47. Rg5+ Kb6 48. Rb4+ Kc7 49. Rg7+ 1/2-1/2

[Event "London Classic FIDE Open"]
[Site "London ENG"]
[Date "2011.12.11"]
[Round "9"]
[White "Keuneke, Hanno"]
[Black "Hoegener, Claude"]
[Result "0-1"]
[WhiteElo "1782"]
[BlackElo "2028"]
[WhiteFideId "4609271"]
[BlackFideId "4000978"]
[EventDate "2011.12.03"]

1. e4 e6 2. d4 d5 3. Nc3 Nf6 4. Bg5 Be7 5. e5 Nfd7 6. Bxe7 Qxe7 7. f4 a6 8. Qg4
g6 9. Nf3 c5 10. Bd3 cxd4 11. Nxd4 Nc6 12. Nxc6 bxc6 13. O-O Qb4 14. Qh3 Qxb2
15. Ne2 Qb6+ 16. Kh1 c5 17. c4 dxc4 18. Bxc4 Bb7 19. Rfd1 Qc7 20. Bxe6 Nb6 21.
Bb3 O-O 22. e6 c4 23. exf7+ Rxf7 24. Bc2 Re8 25. Qg4 Qc6 26. f5 Qxg2+ 27. Qxg2
Bxg2+ 0-1

[Event "London Classic FIDE Open"]
[Site "London ENG"]
[Date "2011.12.11"]
[Round "9"]
[White "Amier, Hamzah B. Mohd Zuhri"]
[Black "Svaralova, Monika"]
[Result "1-0"]
[WhiteTitle "CM"]
[WhiteElo "1745"]
[BlackElo "2025"]
[WhiteFideId "5704588"]
[BlackFideId "14927420"]
[EventDate "2011.12.03"]

1. d4 Nf6 2. c4 e6 3. Nc3 Bb4 4. f3 d5 5. Bg5 O-O 6. e3 b6 7. Bd3 Nbd7 8. Ne2
Bb7 9. O-O h6 10. Bh4 c5 11. Rc1 Rc8 12. cxd5 exd5 13. a3 Bxc3 14. bxc3 Re8 15.
Qd2 Qe7 16. Bf2 Nh5 17. g4 Nhf6 18. Ng3 g6 19. h3 Nh7 20. Kg2 Rc6 21. e4 Kg7 22.
e5 Rec8 23. Be3 Ng5 24. f4 cxd4 25. Bxd4 Ne6 26. f5 Nxd4 27. cxd4 Nxe5 28. dxe5
Qxe5 29. Rce1 Qd6 30. f6+ Kh7 31. Re7 R6c7 32. Bxg6+ 1-0